Vista normal
Vista MARC
Entrada Personal Name
Número de registros utilizados en: 1
001 - CONTROL NUMBER
- control field: 1067
003 - CONTROL NUMBER IDENTIFIER
- control field: OSt
005 - DATE AND TIME OF LATEST TRANSACTION
- control field: 20110819120304.0
008 - FIXED-LENGTH DATA ELEMENTS
- fixed length control field: 110819|||a|||||| | ||| d
040 ## - CATALOGING SOURCE
- Original cataloging agency: OSt
- Transcribing agency: OSt
100 ## - HEADING--PERSONAL NAME
- Personal name: Shea, Shawn Christopher.
670 ## - SOURCE DATA FOUND
- Source citation: Work cat.: (OSt)503: Shea, Shawn Christopher., La entrevista psiquiátrica. El arte de comprender : , 2002.